| 000 | 01547nam a2200241Ia 4500 | ||
|---|---|---|---|
| 999 |
_c55474 _d55474 |
||
| 001 | 22556 | ||
| 003 | GE_BSU | ||
| 005 | 20220920170819.0 | ||
| 008 | 181216s2008||||ge |||||||||||||| ||geo|| | ||
| 040 | _cGE_BSU | ||
| 041 | _ageo | ||
| 080 | _a82 ზ-32 | ||
| 100 |
_aზარბაზოია, ქრისტინე _910603 |
||
| 245 |
_aახალი დრამის განვითარების ტენდენციები ტენესი უილიამსის შემოქმედებაში : დისერტაცია / _cქრისტინე ზარბაზოია; სამეცნიერო ხელმძღვანელი თ. კობახიძე; ბათუმის შოთა რუსთაველის სახელმწიფო უნივერსიტეტი. |
||
| 264 |
_aბათუმი, _b _c2008. |
||
| 300 |
_a140 გვ. ; _b30 სმ. |
||
| 653 | _aახალი დრამის განვითარების ტენდენციები ტენესი უილიამსის შემოქმედებაში | ||
| 653 | _aფილოლოგია | ||
| 653 | _aდისერტაცია | ||
| 700 |
_aკობახიძე, თ. _eსამეცნიერო ხელმძღვანელი _94552 |
||
| 710 |
_aბათუმის შოთა რუსთაველის სახელმწიფო უნივერსიტეტი. _910604 |
||
| 942 |
_cBK _2udc |
||